| 000 | 00977cam a2200301 i 4500 | ||
|---|---|---|---|
| 999 |
_c533078 _d533078 |
||
| 001 | 19009192 | ||
| 003 | NUST | ||
| 005 | 20191211155448.0 | ||
| 008 | 160309s2015 nyua 000 1 eng | ||
| 010 | _a 2015431361 | ||
| 020 | _a9781101965603 (paperback : acidfree paper) | ||
| 038 | _aM.Ramzan | ||
| 040 |
_aDLC _cDLC _erda |
||
| 050 | 0 | 0 |
_aPS3552.R6596 _bE5 2015 |
| 082 | 0 | 0 |
_a813.54 _219 _bBRO |
| 100 | 1 |
_aBrooks, Terry. _911784 |
|
| 245 | 1 | 4 |
_aThe Elfstones of Shannara / _cTerry Brooks. |
| 250 | _aDel Rey trade paperback edition. | ||
| 264 | 1 |
_aUK : _bRandom House Group, _c2006. |
|
| 300 |
_a614 pages : _billustrations ; _c21 cm. |
||
| 490 | 0 | _aThe Shannara chronicles | |
| 500 | _aSequel to: The sword of Shannara. | ||
| 650 | 0 |
_aShannara (Imaginary place) _xFiction. _926756 |
|
| 650 | 0 |
_aElves _xFiction. _926757 |
|
| 906 |
_a7 _bcbc _corigcop _d2 _encip _f20 _gy-gencatlg |
||
| 942 |
_2ddc _cBK |
||